<?xml version="1.0" encoding="UTF-8"?>
<collection xmlns="http://www.loc.gov/MARC21/slim">
 <record>
  <leader>00380pamaa2200133   4500</leader>
  <controlfield tag="001">0000029856</controlfield>
  <controlfield tag="005">20010612090000.0</controlfield>
  <datafield tag="020" ind1="0" ind2="0">
   <subfield code="a">0078824346 </subfield>
  </datafield>
  <datafield tag="090" ind1="0" ind2="0">
   <subfield code="a">005.3768 </subfield>
   <subfield code="b">NIE</subfield>
  </datafield>
  <datafield tag="100" ind1="1" ind2="0">
   <subfield code="a">NIEMIEC </subfield>
  </datafield>
  <datafield tag="245" ind1="1" ind2="0">
   <subfield code="a">Oracle performance tuning tips and techniques  </subfield>
   <subfield code="c">Rich Niemiec.</subfield>
  </datafield>
  <datafield tag="260" ind1="0" ind2="0">
   <subfield code="a">Berkeley: </subfield>
   <subfield code="b">Osborne McGraw Hill, </subfield>
   <subfield code="c">1999.</subfield>
  </datafield>
  <datafield tag="300" ind1=" " ind2=" ">
   <subfield code="a">xxix, 894p.: </subfield>
   <subfield code="b">ill.; </subfield>
   <subfield code="c">24cm.</subfield>
  </datafield>
  <datafield tag="650" ind1="0" ind2="0">
   <subfield code="a">Database management </subfield>
  </datafield>
 </record>
</collection>
